| 000 | 01184nab a22002417a 4500 | ||
|---|---|---|---|
| 999 |
_c6023 _d6023 |
||
| 003 | OSt | ||
| 005 | 20260116191752.0 | ||
| 008 | 190605e xxu||||| |||| 00| 0 spa d | ||
| 040 | _cPJ | ||
| 100 |
_aSalomón, Silvina Alejandra _96825 |
||
| 245 | 1 | 0 |
_aFiguras laborales encubiertas. Los colaboradores / _cSilvina Alejandra Salomón. |
| 260 |
_aCiudad Autónoma de Buenos Aires : _bThomson Reuters La Ley, _c2025. |
||
| 300 | _ap. 63-68 | ||
| 500 | _aCita Online: Cita: TR LALEY AR/DOC/1549/2025. | ||
| 505 | _aSumario: I. Introducción.— II. Descripción de la polémica figura del trabajador colaborador.— III. Que aporta el dec. reglamentario 874/2024 y la res. 5599/2024.— IV. Conclusión.— V. Referencias bibliográficas. | ||
| 505 | _t¿Te interesa el texto completo? Solicitalo al correo: koha@justierradelfuego.gov.ar | ||
| 650 | 0 |
_91316 _aDERECHO LABORAL |
|
| 650 | 0 |
_91383 _aLEY DE CONTRATO DE TRABAJO |
|
| 650 | 0 |
_94428 _aRELACIÓN DE DEPENDENCIA |
|
| 650 | 0 |
_aDISCRIMINACION LABORAL _91577 |
|
| 773 | 0 |
_02711 _93168 _dCiudad Autónoma de Buenos Aires : Thomson Reuters La Ley, 1999-2002. _tRevista de derecho del trabajo. Nº 4 - Julio 2025 |
|
| 942 |
_2udc _cANA |
||